LEADER 01100nam0-22003011i-450- 001 990007229130403321 005 20041223152835.0 035 $a000722913 035 $aFED01000722913 035 $a(Aleph)000722913FED01 035 $a000722913 100 $a20021021d1995----km-y0itay50------ba 101 0 $aita 200 1 $a<>responsabilitą professionale del giornalista e dell'editore con le massime da 300 sentenze (1960-1994)$fVincenzo Zeno Zencovich, Michele Clemente, Maria Gabriella Lodato 210 $aPadova$cCedam$d1995 215 $aXIII, 451 p.$d24 cm 225 1 $aDiritto e pratica nelle attivitą culturali, informative e ricreative$v13 676 $a346 700 1$aZeno-Zencovich,$bVincenzo$0145311 701 1$aClemente,$bMichele$0263903 701 1$aLodato,$bMaria Gabriella$0263904 801 0$aIT$bUNINA$gRICA$2UNIMARC 901 $aBK 912 $a990007229130403321 952 $aA-V-H-12$bdip.$fDDRC 959 $aDDRC 996 $aResponsabilitą professionale del giornalista e dell'editore con le massime da 300 sentenze (1960-1994$9687778 997 $aUNINA LEADER 01960nam 2200445Ia 450 001 9910701454503321 005 20120612155226.0 035 $a(CKB)5470000002418532 035 $a(OCoLC)795249864 035 $a(EXLCZ)995470000002418532 100 $a20120612d2012 ua 0 101 0 $aeng 135 $aurbn||||||||| 181 $ctxt$2rdacontent 182 $cc$2rdamedia 183 $acr$2rdacarrier 200 00$aAdvisory on EPA's draft technical report entitled Considerations related to post-closure monitoring of uranium in-situ leach/in-situ recovery (ISL/ISR) sites$b[electronic resource] /$f[signed] Deborah L. Swackhamer, Bernd Khan 210 1$a[Washington, D.C.] :$cU. S. Environmental Protection Agency, Office of the Administrator, Science Advisory Board,$d2012. 215 $a1 online resource (63 unnumbered pages) 300 $aTitle from title screen (viewed on June 12, 2012) 300 $a"February 17, 2010." 300 $a"EPA-SAB-12-005." 320 $aIncludes bibliographical references (page [52-56] ). 517 $aAdvisory on EPA's draft technical report entitled Considerations related to post-closure monitoring of uranium in-situ leach/in-situ recovery 606 $aUranium 606 $aIn situ processing (Mining) 606 $aGroundwater$xSafety measures 615 0$aUranium. 615 0$aIn situ processing (Mining) 615 0$aGroundwater$xSafety measures. 701 $aSwackhamer$b Deborah Liebl$01389701 701 $aKhan$b Bernd$01420302 712 02$aUnited States.$bEnvironmental Protection Agency.$bOffice of the Administrator. 712 02$aUnited States.$bEnvironmental Protection Agency.$bScience Advisory Board. 801 0$bGPO 801 1$bGPO 906 $aBOOK 912 $a9910701454503321 996 $aAdvisory on EPA's draft technical report entitled Considerations related to post-closure monitoring of uranium in-situ leach$93537725 997 $aUNINA